000 01101nam a2200289 i 4500
001 172059
003 ES-MaACL
005 20250808062824.0
007 t|
008 090612s1989 sp |||| | spa d
020 _a84-220-1355-X
100 0 _aAgustín
_cSanto, Obispo de Hipona.
_9125563
245 1 0 _aObras completas de San Agustín.
_nXXVIII,
_pEscritos bíblicos (4º) /
_cintroducción, versión, notas e índices de Olegario García de la Fuente ; [revisión del texto latino por Enrique Garmón].
250 _aEd. bilingüe.
260 _aMadrid :
_bLa Editorial Católica,
_c1989.
300 _a737 p. ;
_c20 cm.
490 1 _aBiblioteca de autores cristianos ;
_v504
500 _aÍndices.
505 8 _aContiene: Cuestiones sobre el Heptateuco
546 _aTexto latino y traducción en español.
630 0 4 _aBiblia-
_xCrítica e interpretación.
_9119239
700 1 _aGarcía de la Fuente, Olegario.
_954444
700 1 _aGarmón, Enrique.
_9140644
830 0 0 _aBiblioteca de autores cristianos
_v504
_9178679
852 _aES-MaACL
_jJ-491
999 _c172059
_d172059